[Event "13th EICC"]
[Site "Plovdiv BUL"]
[Date "2012.03.25"]
[Round "6.135"]
[White "Xylogiannopoulos, Antonios"]
[Black "Goumas, Georgios"]
[Result "1/2-1/2"]
[WhiteElo "2104"]
[BlackElo "2398"]
[WhiteFideId "4215133"]
[BlackFideId "4208935"]
[EventDate "2012.03.20"]
[EventType "swiss"]

1. e4 c6 2. d4 d5 3. exd5 cxd5 4. Bd3 Nc6 5. c3 Nf6 6. Bf4 Bg4 7. Qb3 Qc8 8. Nd2
e6 9. Ngf3 Be7 10. O-O O-O 11. Rae1 Nh5 12. Be5 f6 13. Bg3 Nxg3 14. hxg3 Qd7 15.
Qc2 f5 16. Bb5 Bd6 17. Nh2 a6 18. Bxc6 bxc6 19. f4 g5 20. Re3 Rae8 21. Nb3 Qc7
22. Qf2 h5 23. Nc5 Bxc5 24. dxc5 e5 25. fxe5 Rxe5 26. Rxe5 Qxe5 27. Nxg4 hxg4
28. Re1 Qf6 29. Qe2 a5 30. Qe6+ Kg7 31. Qd7+ Rf7 32. Qe8 f4 33. Re6 Qf5 34. Re7
Qb1+ 35. Kh2 fxg3+ 36. Kxg3 Qd3+ 37. Re3 Qg6 38. Re7 Qd3+ 39. Re3 Qf1 40. Qe5+
Kg6 41. Qe6+ Kh7 42. Kh2 Qf4+ 43. Rg3 Rf6 44. Qd7+ Kg6 45. Qe8+ Kg7 46. Qd7+ Kg6
47. Qe8+ Kh6 48. Qh8+ Kg6 49. Qe8+ 1/2-1/2

[Event "13th EICC"]
[Site "Plovdiv BUL"]
[Date "2012.03.25"]
[Round "6.136"]
[White "Ljangov, Petar"]
[Black "Schachinger, Mario"]
[Result "0-1"]
[BlackTitle "FM"]
[WhiteElo "2089"]
[BlackElo "2391"]
[WhiteFideId "2901277"]
[BlackFideId "1616773"]
[EventDate "2012.03.20"]
[EventType "swiss"]

1. Nf3 Nf6 2. b3 g6 3. Bb2 Bg7 4. g3 O-O 5. Bg2 d5 6. c4 c6 7. O-O Bg4 8. d3 Qc8
9. Nbd2 Bh3 10. cxd5 Nxd5 11. Bxg7 Kxg7 12. Qc2 Qg4 13. Qc4 Nd7 14. Rac1 N7b6
15. Qxg4 Bxg4 16. h3 Bxf3 17. Bxf3 e5 18. Ne4 Rfe8 19. Rfd1 Re7 20. Nc5 f5 21.
e4 Nf6 22. d4 fxe4 23. Nxe4 Nxe4 24. Bxe4 Rd8 25. dxe5 Rxd1+ 26. Rxd1 Rxe5 27.
Bf3 Rc5 28. Rd8 Rf5 29. Be4 Re5 30. Bf3 Re7 31. Rb8 Rc7 32. Re8 Nc8 33. Re3 c5
34. Kf1 Nd6 35. Rd3 Nf5 36. Bg4 Nd4 37. b4 b6 38. bxc5 bxc5 39. Rc3 Kf6 40. Be2
Nxe2 41. Kxe2 Ke5 42. Kd2 c4 43. Rf3 Rc6 44. Ra3 Rc7 45. Rf3 Rc5 46. Ra3 Rd5+
47. Kc2 Rd7 48. Rf3 Kd4 49. Rf4+ Kc5 50. Rf8 a5 51. Rf3 Kb4 52. Re3 g5 53. a3+
Kc5 54. Re5+ Rd5 55. Re3 Rf5 56. f3 Kd4 57. Re4+ Kd5 58. Re3 h5 59. Kd2 h4 60.
gxh4 gxh4 0-1

[Event "13th EICC"]
[Site "Plovdiv BUL"]
[Date "2012.03.25"]
[Round "6.137"]
[White "Kanmazalp, Ogulcan"]
[Black "Hristodorescu, Daniel"]
[Result "1-0"]
[WhiteTitle "IM"]
[BlackTitle "FM"]
[WhiteElo "2389"]
[BlackElo "2212"]
[WhiteFideId "6304990"]
[BlackFideId "1203100"]
[EventDate "2012.03.20"]
[EventType "swiss"]

1. e4 e5 2. Nf3 Nc6 3. Bb5 a6 4. Ba4 Nge7 5. Bb3 h6 6. d4 exd4 7. Nxd4 Nxd4 8.
Qxd4 d6 9. Nc3 Nc6 10. Qd3 g6 11. Be3 Bg7 12. O-O-O O-O 13. f4 Na5 14. Bd4 b5
15. Bxg7 Kxg7 16. h4 Bg4 17. Rdf1 f5 18. Nd5 c5 19. Qc3+ Kh7 20. exf5 Bxf5 21.
h5 g5 22. g4 Be4 23. Re1 Nxb3+ 24. axb3 Bxd5 25. Qd3+ Kg7 26. Qxd5 Qf6 27. f5
Rae8 28. Re4 Qf7 29. Qxf7+ Kxf7 30. Rhe1 d5 31. Re5 Rxe5 32. Rxe5 Re8 33. Rxe8
Kxe8 34. c3 a5 35. b4 axb4 36. cxb4 c4 37. Kd2 d4 38. Ke2 Ke7 39. Kf3 Kd6 40.
Ke4 d3 41. Ke3 1-0

[Event "13th EICC"]
[Site "Plovdiv BUL"]
[Date "2012.03.25"]
[Round "6.138"]
[White "Schroll, Gerhard"]
[Black "Mogilarov, Dimitar"]
[Result "1/2-1/2"]
[WhiteTitle "IM"]
[WhiteElo "2388"]
[BlackElo "2147"]
[WhiteFideId "1600907"]
[BlackFideId "2905248"]
[EventDate "2012.03.20"]
[EventType "swiss"]

1. d4 Nf6 2. c4 c5 3. d5 e6 4. Nc3 exd5 5. cxd5 d6 6. Nf3 g6 7. Bf4 Bg7 8. e3
O-O 9. Be2 h6 10. h3 a6 11. a4 Qe7 12. Nd2 Nbd7 13. Nc4 Ne8 14. a5 Rb8 15. O-O
f5 16. Na4 g5 17. Bh2 f4 18. exf4 gxf4 19. Re1 Ne5 20. Nab6 Qg5 21. Nxe5 Bxe5
22. Bg4 Bxg4 23. Qxg4 Qxg4 24. hxg4 Nf6 25. Nc4 Nxg4 26. Nxe5 dxe5 27. Re4 Rf5
28. f3 Ne3 29. g3 Nxd5 30. Rae1 Rg5 31. Rxe5 Kf7 32. Rxg5 hxg5 33. Re5 Nb4 34.
Rxc5 Nd3 35. Rd5 Nxb2 36. gxf4 gxf4 37. Bxf4 Rg8+ 38. Kf2 Nc4 39. Rc5 b5 40.
axb6 Nxb6 41. Rc7+ Ke6 42. Rc6+ Kf5 43. Bg3 Nd5 44. Rxa6 Rc8 45. Bd6 Rc2+ 46.
Kg3 Ne3 47. Ra5+ Kg6 48. Bc5 Rg2+ 49. Kf4 Nd5+ 50. Ke4 Nf6+ 51. Kd4 Rd2+ 52. Kc4
Rd5 53. Ra3 Kf5 54. Bd4 Rd6 55. Ra5+ Kg6 56. Be5 Re6 57. Kd4 Nd7 58. Bg3 Nf6 59.
f4 Re4+ 60. Kd3 Rb4 61. f5+ Kg5 62. Be1 Rb3+ 63. Ke2 Ne4 64. Kd1 Rf3 65. Re5
Nc3+ 66. Kc2 Rxf5 67. Bxc3 Rxe5 68. Bxe5 1/2-1/2

[Event "13th EICC"]
[Site "Plovdiv BUL"]
[Date "2012.03.25"]
[Round "6.140"]
[White "Cornette, Matthieu"]
[Black "Voiteanu, Gabriel"]
[Result "1-0"]
[WhiteTitle "GM"]
[BlackTitle "FM"]
[WhiteElo "2545"]
[BlackElo "2275"]
[WhiteFideId "620084"]
[BlackFideId "1208810"]
[EventDate "2012.03.20"]
[EventType "swiss"]

1. d4 Nf6 2. c4 g6 3. Nf3 Bg7 4. g3 O-O 5. Bg2 d5 6. cxd5 Nxd5 7. O-O Nb6 8. Nc3
Nc6 9. d5 Na5 10. e4 c6 11. Bf4 cxd5 12. Nxd5 Nxd5 13. exd5 Nc4 14. Qb3 Nd6 15.
Rfe1 Bf6 16. Be5 Qa5 17. Bc3 Bxc3 18. bxc3 Re8 19. c4 Bf5 20. Rac1 Rac8 21. Ne5
f6 22. g4 fxe5 23. gxf5 Rxc4 24. fxg6 hxg6 25. Qg3 Kh7 26. Qxe5 Qxa2 27. Rxc4
Qxc4 28. Be4 1-0

[Event "13th EICC"]
[Site "Plovdiv BUL"]
[Date "2012.03.25"]
[Round "6.142"]
[White "Vlashki, Nino"]
[Black "Pacher, Milan"]
[Result "1-0"]
[BlackTitle "IM"]
[WhiteElo "2258"]
[BlackElo "2402"]
[WhiteFideId "2908743"]
[BlackFideId "14907445"]
[EventDate "2012.03.20"]
[EventType "swiss"]

1. Nf3 Nf6 2. g3 b6 3. Bg2 Bb7 4. O-O c5 5. d3 d5 6. Nbd2 g6 7. a3 Bg7 8. Rb1
O-O 9. c4 Nbd7 10. b4 dxc4 11. Nxc4 cxb4 12. axb4 Nd5 13. Rb3 Rc8 14. e4 Nc3 15.
Qd2 Nxe4 16. dxe4 Rxc4 17. Rd3 Bc6 18. Qa2 Rxb4 19. Rfd1 Qc7 20. Ba3 Ra4 21. Qc2
Rc8 22. Bxe7 Rxe4 23. Rxd7 Bxd7 24. Qxe4 Bf5 25. Qb4 Qc2 26. Qd6 Bc3 27. Bg5 Bb4
28. Qd5 Be4 29. Qd4 Bc3 30. Qd6 Bb4 31. Qd7 Bf5 32. Qd4 Bc3 33. Qd5 Be4 34. Qd6
Bb4 35. Ne1 Qe2 36. Bf1 Qb2 37. Qd7 Bf5 38. Qd5 Bc5 39. Rd2 Qa1 40. Rd1 Qb2 41.
Rd2 Qb1 42. Ng2 Be6 43. Qf3 a5 44. Nf4 Bc4 45. Rd1 Qb3 46. Qg4 Re8 47. Qd7 Rf8
48. Bxc4 Qxc4 49. Bh6 a4 50. Nd5 Qe2 51. Nf6+ Kh8 52. Rd2 1-0

[Event "13th EICC"]
[Site "Plovdiv BUL"]
[Date "2012.03.25"]
[Round "6.143"]
[White "Medancic, Rikard"]
[Black "Janev, Tihomir"]
[Result "0-1"]
[WhiteTitle "IM"]
[BlackTitle "FM"]
[WhiteElo "2252"]
[BlackElo "2382"]
[WhiteFideId "14500531"]
[BlackFideId "2910110"]
[EventDate "2012.03.20"]
[EventType "swiss"]

1. c4 Nf6 2. g3 e5 3. Bg2 Bc5 4. Nc3 O-O 5. e3 Re8 6. d3 Nc6 7. Nge2 Bf8 8. a3
Rb8 9. O-O a6 10. b4 b5 11. cxb5 axb5 12. Qb3 Bb7 13. Bb2 Ne7 14. Ne4 Ned5 15.
Rfd1 Nb6 16. Ng5 d5 17. Rac1 Bd6 18. Nc3 h6 19. Nf3 Qd7 20. d4 exd4 21. Nxd4 c6
22. Ba1 Nc4 23. a4 bxa4 24. Qxa4 Ra8 25. Qb3 Ra3 26. Qb1 Rea8 27. Nc2 R3a7 28.
e4 Ng4 29. exd5 cxd5 30. Bh3 Nce5 31. Nxd5 Nf3+ 32. Kg2 Qf5 33. Qb2 Nh4+ 34. Kg1
Qxf2+ 0-1

[Event "13th EICC"]
[Site "Plovdiv BUL"]
[Date "2012.03.25"]
[Round "6.144"]
[White "Pantev, Veselin"]
[Black "Kigel, Dmytro"]
[Result "1-0"]
[WhiteTitle "FM"]
[BlackTitle "FM"]
[WhiteElo "2379"]
[BlackElo "2235"]
[WhiteFideId "2901390"]
[BlackFideId "14117932"]
[EventDate "2012.03.20"]
[EventType "swiss"]

1. d4 Nf6 2. Nf3 e6 3. c4 c5 4. g3 cxd4 5. Nxd4 Be7 6. Bg2 O-O 7. O-O Nc6 8. Nc3
d5 9. cxd5 exd5 10. Be3 Be6 11. Rc1 Ng4 12. Nxe6 fxe6 13. Bf4 g5 14. Bd2 Nge5
15. Na4 Qe8 16. Nc5 Qg6 17. Qa4 Nc4 18. Rxc4 dxc4 19. Qxc4 Bxc5 20. Qxc5 e5 21.
Bd5+ Kg7 22. Bxc6 bxc6 23. Qxe5+ Qf6 24. Qxg5+ Qxg5 25. Bxg5 Rf5 26. Bd2 Re8 27.
Re1 a5 28. e4 Rb5 29. Bc3+ Kf7 30. Kg2 a4 31. a3 h5 32. f4 Rd8 33. f5 1-0

[Event "13th EICC"]
[Site "Plovdiv BUL"]
[Date "2012.03.25"]
[Round "6.145"]
[White "Pavlidis, Anastasios"]
[Black "Pavlidou, Ekaterini"]
[Result "1/2-1/2"]
[WhiteTitle "FM"]
[BlackTitle "WIM"]
[WhiteElo "2363"]
[BlackElo "2231"]
[WhiteFideId "4208404"]
[BlackFideId "4213262"]
[EventDate "2012.03.20"]
[EventType "swiss"]

1. e4 e5 2. Nf3 Nc6 3. Bb5 a6 4. Ba4 Nf6 5. O-O Be7 6. Re1 b5 7. Bb3 d6 8. d3
O-O 9. c3 Bb7 10. d4 Re8 11. Nbd2 Bf8 12. a4 1/2-1/2

[Event "13th EICC"]
[Site "Plovdiv BUL"]
[Date "2012.03.25"]
[Round "6.148"]
[White "Scekic, Veljko"]
[Black "Panteleev, Petar"]
[Result "1/2-1/2"]
[WhiteElo "2186"]
[BlackElo "2347"]
[WhiteFideId "940020"]
[BlackFideId "2903610"]
[EventDate "2012.03.20"]
[EventType "swiss"]

1. c4 Nf6 2. Nf3 g6 3. g3 Bg7 4. Bg2 c6 5. O-O O-O 6. d4 d5 7. cxd5 cxd5 8. Nc3
Ne4 9. Ne5 Nxc3 10. bxc3 Nc6 11. Nxc6 bxc6 12. e4 Be6 13. Be3 Qd7 14. Qa4 dxe4
15. Bxe4 Bd5 16. Bxd5 Qxd5 17. c4 Qf3 18. Rab1 Rfd8 19. Rb7 Qe4 20. Rxa7 Rxa7
21. Qxa7 Bxd4 22. Qc7 Ra8 23. Bxd4 Qxd4 24. Qxc6 Rxa2 25. Qe8+ Kg7 26. Qxe7 Rc2
27. c5 Rxc5 28. Re1 Rf5 29. Qe3 Qf6 30. Kg2 g5 31. h3 h6 32. Re2 h5 33. g4 Rf4
34. f3 Kh6 35. Rc2 hxg4 36. hxg4 Kg7 37. Rf2 Qd4 38. Qxd4+ Rxd4 39. Ra2 Rd3 40.
Ra6 f6 1/2-1/2

[Event "13th EICC"]
[Site "Plovdiv BUL"]
[Date "2012.03.25"]
[Round "6.149"]
[White "Ilic, Slobodan S"]
[Black "Agaragimov, Djakhangir"]
[Result "1/2-1/2"]
[BlackTitle "FM"]
[WhiteElo "2160"]
[BlackElo "2342"]
[WhiteFideId "912883"]
[BlackFideId "13401718"]
[EventDate "2012.03.20"]
[EventType "swiss"]

1. c4 g6 2. Nc3 Bg7 3. g3 d6 4. Bg2 e5 5. Nf3 f5 6. d3 Nf6 7. O-O O-O 8. Rb1 h6
9. b4 Nh5 10. Rb2 g5 11. Nd2 Nf6 12. b5 h5 13. Nd5 c6 14. bxc6 bxc6 15. Nxf6+
Rxf6 16. c5 Rh6 17. cxd6 Qxd6 18. Nc4 Qd7 19. Qb3 Kh7 20. Qd1 Kg8 21. Qb3 Kh7
22. Qd1 Kg8 23. Qb3 Kh7 24. Qd1 Kg8 1/2-1/2

[Event "13th EICC"]
[Site "Plovdiv BUL"]
[Date "2012.03.25"]
[Round "6.150"]
[White "Givon, Asaf"]
[Black "Stamnov, Aleksander"]
[Result "1-0"]
[WhiteTitle "FM"]
[BlackTitle "FM"]
[WhiteElo "2340"]
[BlackElo "2184"]
[WhiteFideId "2801841"]
[BlackFideId "15000664"]
[EventDate "2012.03.20"]
[EventType "swiss"]

1. e4 e5 2. Nf3 Nc6 3. Bb5 a6 4. Bxc6 dxc6 5. O-O Bg4 6. h3 h5 7. d3 Qf6 8. Nbd2
Bd6 9. Re1 Ne7 10. d4 Ng6 11. hxg4 hxg4 12. Nh2 Rxh2 13. Qxg4 Rh4 14. Qf5 Ne7
15. Qxf6 gxf6 16. Nf3 Rh5 17. Be3 O-O-O 18. g3 Rdh8 19. Kg2 Ng6 20. Rh1 Rxh1 21.
Rxh1 Rxh1 22. Kxh1 Nf8 23. Kg2 Nd7 24. Nh4 b5 25. Kh3 a5 26. Kg4 Nf8 27. c3 Ne6
28. Kf5 1-0

[Event "13th EICC"]
[Site "Plovdiv BUL"]
[Date "2012.03.25"]
[Round "6.152"]
[White "Aharon, Ofir"]
[Black "Arnaudov, Petar"]
[Result "1-0"]
[WhiteTitle "FM"]
[WhiteElo "2288"]
[BlackElo "2149"]
[WhiteFideId "2800683"]
[BlackFideId "2901706"]
[EventDate "2012.03.20"]
[EventType "swiss"]

1. e4 c5 2. Nf3 g6 3. d4 Bg7 4. dxc5 Qa5+ 5. c3 Qxc5 6. Na3 Nf6 7. Nb5 b6 8. b4
Qc6 9. e5 Ng4 10. Nfd4 Qe4+ 11. Qe2 Qxe5 12. f4 Qh5 13. Nd6+ Kd8 14. Nxf7+ Ke8
15. Nd6+ Kd8 16. Nxc8 Kxc8 17. Qf3 d5 18. Be2 Nf6 19. Qf1 Qh6 20. Ba6+ Kc7 21.
Ne6+ Kd6 22. Ng5 Qh4+ 23. g3 Qg4 24. Be2 Qc8 25. Bb2 Rf8 26. c4 Nh5 27. Be5+ Kd7
28. Bxh5 Bxe5 29. Bg4+ Rf5 30. Bxf5+ gxf5 31. fxe5 e6 32. Qd3 Qxc4 33. Qxc4 dxc4
34. O-O-O+ Ke8 35. Rd6 1-0

[Event "13th EICC"]
[Site "Plovdiv BUL"]
[Date "2012.03.25"]
[Round "6.155"]
[White "Galopoulos, Nikolaos"]
[Black "Cherednichenko, Elena"]
[Result "1-0"]
[BlackTitle "WFM"]
[WhiteElo "2430"]
[BlackElo "2130"]
[WhiteFideId "4208951"]
[BlackFideId "14105560"]
[EventDate "2012.03.20"]
[EventType "swiss"]

1. d4 d5 2. c4 e6 3. Nf3 Nf6 4. g3 Bb4+ 5. Nbd2 dxc4 6. Qc2 b5 7. a4 c6 8. Bg2
Bb7 9. O-O O-O 10. b3 cxb3 11. Nxb3 a5 12. Bg5 h6 13. Bxf6 Qxf6 14. Ne5 bxa4 15.
Rxa4 Qe7 16. Rfa1 Qc7 17. Nc4 Nd7 18. Ncxa5 Bxa5 19. Nxa5 Nf6 20. Qc5 Rac8 21.
Nc4 Ra8 22. Na5 Rac8 23. Qa7 Ba8 24. Qxc7 Rxc7 25. Nc4 Bb7 26. Ra7 Ne8 27. Ne5
Bc8 28. Nxc6 Bb7 29. Ne5 Bxg2 30. Kxg2 Rxa7 31. Rxa7 Nd6 32. Rd7 Ne8 33. e3 Nf6
34. Ra7 Nh7 35. Nc6 Nf6 36. Kf3 Nh7 37. e4 Nf6 38. h4 h5 39. Kf4 Kh7 40. f3 g6
41. d5 exd5 42. e5 Ng8 43. e6 Kg7 44. Ke5 Nh6 45. Rd7 Re8 46. Nd8 Rf8 47. Nxf7
Nxf7+ 48. Kxd5 Ra8 49. Rxf7+ Kg8 50. Rf4 Ra5+ 51. Kd6 Ra6+ 52. Ke5 Ra5+ 53. Kf6
Ra6 54. Rc4 1-0

[Event "13th EICC"]
[Site "Plovdiv BUL"]
[Date "2012.03.25"]
[Round "6.157"]
[White "Berman, Mark"]
[Black "Lederman, Leon"]
[Result "1-0"]
[BlackTitle "IM"]
[WhiteElo "2129"]
[BlackElo "2296"]
[WhiteFideId "2806665"]
[BlackFideId "2800403"]
[EventDate "2012.03.20"]
[EventType "swiss"]

1. d4 Nf6 2. Nf3 e6 3. e3 b6 4. Be2 Bb7 5. O-O Be7 6. c4 O-O 7. Nc3 d5 8. b3 c5
9. Bb2 Nbd7 10. cxd5 exd5 11. Ne5 Nxe5 12. dxe5 Ne8 13. Bf3 Nc7 14. Qc2 Qd7 15.
Rfd1 Qe6 16. Ne2 Rad8 17. Nf4 Qh6 18. Rd2 Bg5 19. Nh3 Be7 20. Rad1 g5 21. Bg4
Ne6 22. Bf3 Nc7 23. Bg4 Ne8 24. b4 c4 25. a3 Ng7 26. Bf3 Qe6 27. Be2 Ra8 28. e4
dxe4 29. Bxc4 Qc6 30. Qb3 Rad8 31. Bxf7+ Kh8 32. Bd5 Qc8 33. Bxb7 Qxb7 34. Rxd8
Rxd8 35. Rxd8+ Bxd8 36. e6 Qe7 37. Qd5 Kg8 38. Bxg7 Kxg7 39. Qxe4 Kf6 40. f4 h6
41. Qe5+ Kg6 1-0

[Event "13th EICC"]
[Site "Plovdiv BUL"]
[Date "2012.03.25"]
[Round "6.158"]
[White "Kjurkchiiski, Georgi"]
[Black "Rigopoulos-Tsigkos, Alexandros"]
[Result "1-0"]
[WhiteElo "2266"]
[BlackElo "2095"]
[WhiteFideId "2901153"]
[BlackFideId "4215109"]
[EventDate "2012.03.20"]
[EventType "swiss"]

1. c4 c5 2. g3 Nf6 3. Bg2 e6 4. Nf3 Be7 5. Nc3 a6 6. O-O O-O 7. d4 cxd4 8. Nxd4
d6 9. b3 Nbd7 10. Qd2 Qc7 11. Bb2 Rb8 12. Rac1 Re8 13. Rfd1 h6 14. h3 Kh8 15. e4
Kg8 16. Kh1 Kh8 17. f4 Kg8 18. g4 Nh7 19. Re1 Rf8 20. Re2 b6 21. Qe1 Bb7 22. h4
Bf6 23. Nd5 exd5 24. cxd5 Qd8 25. g5 hxg5 26. hxg5 Bxd4 27. Bxd4 Re8 28. Rc3 Qe7
29. Rce3 Rbc8 30. Bh3 Rc7 31. Bf5 g6 32. Qh4 Rc1+ 33. Kh2 Nhf8 34. Qh6 f6 35.
Bxg6 Nxg6 36. Qxg6+ Kf8 37. gxf6 Qf7 38. Qh6+ Kg8 39. Rg3+ 1-0

[Event "13th EICC"]
[Site "Plovdiv BUL"]
[Date "2012.03.25"]
[Round "6.159"]
[White "Andok, Claus Michael"]
[Black "Bach, Adrian-Kalman"]
[Result "1/2-1/2"]
[BlackTitle "FM"]
[WhiteElo "2116"]
[BlackElo "2264"]
[WhiteFideId "24602000"]
[BlackFideId "1201107"]
[EventDate "2012.03.20"]
[EventType "swiss"]

1. c4 Nf6 2. g3 g6 3. Bg2 Bg7 4. Nc3 O-O 5. e4 d6 6. Nge2 c5 7. O-O Nc6 8. d3
Ne8 9. Rb1 Nc7 10. h3 Rb8 11. Kh2 b5 12. b3 b4 13. Nd5 Ne6 14. Ndf4 Ned4 15.
Nxd4 cxd4 16. Ne2 e5 17. f4 a5 18. f5 f6 19. g4 Rf7 20. Ng3 a4 21. h4 axb3 22.
axb3 Ra8 23. Rf2 g5 24. h5 Rfa7 25. Bf3 Bf8 26. Bb2 Nb8 27. Qf1 Nd7 28. Bd1 Nc5
29. Kh3 Bb7 30. Bc2 Ra2 31. Qd1 R8a7 32. Rh2 Bc6 33. Nf1 Qb6 34. Nd2 Be7 35. Rg2
Bd8 36. Rg3 Bc7 37. Rf3 Bb8 38. Rg3 Qc7 39. Rg2 Bb7 40. Qe2 Nd7 41. Bd1 R7a5 42.
Qf1 Ba6 43. Qe2 Nc5 44. Qf3 Qa7 45. Bc2 Bb7 46. Qe2 Nd7 47. Qe1 Rc5 48. Bd1 Rc8
49. Qf1 Nc5 50. Qf3 Qa6 51. Rf2 Rd8 52. Bc2 Bc7 53. Rff1 Ra8 54. Qe2 Bc6 55.
Rfe1 Qb7 56. Rf1 Bb6 57. Rfe1 Rc8 58. Qf3 Nd7 59. Bd1 Qa8 60. Rf1 Bc5 1/2-1/2

[Event "13th EICC"]
[Site "Plovdiv BUL"]
[Date "2012.03.25"]
[Round "6.162"]
[White "Yakimenko, Alexander A."]
[Black "Ojagverdiyev, Zaur"]
[Result "1-0"]
[WhiteElo "2223"]
[BlackElo "2050"]
[WhiteFideId "24141917"]
[BlackFideId "13402846"]
[EventDate "2012.03.20"]
[EventType "swiss"]

1. d4 Nf6 2. c4 c5 3. d5 d6 4. Nc3 g6 5. Nf3 Bg7 6. h3 O-O 7. e4 Nfd7 8. Bd3 Ne5
9. Nxe5 Bxe5 10. Bh6 Bg7 11. Qd2 a6 12. h4 Bxh6 13. Qxh6 e5 14. h5 g5 15. O-O-O
f6 16. g3 Bg4 17. Rdf1 Qe7 18. f3 Bc8 19. f4 Nd7 20. Nd1 exf4 21. gxf4 Qg7 22.
Qxg7+ Kxg7 23. Ne3 gxf4 24. Nf5+ Kh8 25. Nxd6 Ne5 26. Be2 f3 27. Bxf3 h6 28. Be2
Rb8 29. a4 b6 30. b3 Ra8 31. Kd2 Rb8 32. Rf4 Bd7 33. Rhf1 Kg7 34. Rg1+ Kh7 35.
Rgf1 Kg7 36. Kc3 a5 37. Kd2 Rbd8 38. R1f2 Bh3 39. Nb5 Bd7 40. Nc3 Rf7 41. Nd1
Bc8 42. Ne3 Rdf8 43. Bg4 Nxg4 44. Nxg4 f5 45. Ne5 Rf6 46. Ng6 Re8 47. e5 Rxg6
48. hxg6 Rxe5 49. Re2 Rxe2+ 50. Kxe2 Kxg6 51. Rf1 Bd7 52. Kf3 Kf6 53. Kf4 Be8
54. Re1 Bf7 55. Re5 h5 56. Rxf5+ Ke7 57. Ke5 Bg6 58. Rf6 1-0

[Event "13th EICC"]
[Site "Plovdiv BUL"]
[Date "2012.03.25"]
[Round "6.163"]
[White "Hristodoulou, Panagiotis"]
[Black "Safronov, Kirill"]
[Result "1-0"]
[WhiteElo "2203"]
[BlackElo "2017"]
[WhiteFideId "4214340"]
[BlackFideId "24141976"]
[EventDate "2012.03.20"]
[EventType "swiss"]

1. e4 e5 2. Nf3 Nf6 3. Nxe5 d6 4. Nf3 Nxe4 5. Nc3 Nxc3 6. dxc3 Be7 7. Be3 O-O 8.
Qd2 Nd7 9. O-O-O Re8 10. h4 c6 11. Kb1 d5 12. Bd3 Nc5 13. Bxc5 Bxc5 14. Qf4 Bd6
15. Bxh7+ Kf8 16. Qd4 b6 17. h5 Bc5 18. Qd2 Qf6 19. Rh4 Qh6 20. Qxh6 gxh6 21.
Nd4 Bd7 22. Bd3 Re7 23. Kc1 Rae8 24. Kd2 Re5 25. g3 Be7 26. Rhh1 Bd8 27. f4 Re3
28. Bf5 Bxf5 29. Nxf5 Re2+ 30. Kc1 Rg2 31. Rd2 Rxd2 32. Kxd2 Re6 33. Re1 Rf6 34.
Nd4 c5 35. Nf3 Bc7 36. Nh4 b5 37. Ke3 Ba5 38. Rd1 d4+ 39. cxd4 cxd4+ 40. Kd3 Ke7
41. Rh1 Bb6 42. Re1+ Kd7 43. Re5 Kc6 44. Nf5 a6 45. Nxd4+ Bxd4 46. Kxd4 Rd6+ 47.
Ke3 Rd1 48. Rf5 Rc1 49. Rf6+ Kd5 50. Rxh6 Rxc2 51. Rxa6 Rxb2 52. h6 Rh2 53. Kf3
f5 54. Rf6 Kc4 55. a3 Ra2 56. Ra6 Rh2 57. Rc6+ Kd4 58. Rd6+ Kc4 59. g4 Rh3+ 60.
Kg2 fxg4 61. Rg6 Rxa3 62. Rxg4 Ra8 63. Kf3 b4 64. f5+ Kc3 65. Kf4 b3 66. Rg3+
Kc4 67. Rg2 Kc3 68. f6 Rh8 69. Rh2 b2 70. Rxb2 Kxb2 71. Kg5 Rg8+ 72. Kf5 Rg1 73.
f7 Rf1+ 74. Ke6 Re1+ 75. Kd7 Rd1+ 76. Kc8 Ra1 77. Kb8 1-0

[Event "13th EICC"]
[Site "Plovdiv BUL"]
[Date "2012.03.25"]
[Round "6.164"]
[White "Mindlin, Alon"]
[Black "Porfireanu, Serban"]
[Result "1-0"]
[WhiteElo "2186"]
[BlackElo "1892"]
[WhiteFideId "2800071"]
[BlackFideId "1208632"]
[EventDate "2012.03.20"]
[EventType "swiss"]

1. d4 Nf6 2. c4 g6 3. Nc3 Bg7 4. e4 d6 5. f3 O-O 6. Be3 e5 7. Nge2 Nc6 8. d5 Ne7
9. g4 Ne8 10. Ng3 f5 11. gxf5 gxf5 12. Bg5 Nf6 13. exf5 Bxf5 14. Bd3 Qd7 15. Qc2
Bg6 16. h4 e4 17. Ngxe4 Nxe4 18. fxe4 h5 19. O-O-O Rf3 20. Rhg1 Kh7 21. Bxe7
Rxd3 22. Rxd3 Qxe7 23. Rdg3 Bh6+ 24. Kb1 Rg8 25. Ka1 Qxh4 26. Qg2 Qf6 27. e5
dxe5 28. Ne4 Qf5 29. Ng5+ Kg7 30. Rf1 Qc2 31. Rf7+ Kh8 32. Rh7+ 1-0

[Event "13th EICC"]
[Site "Plovdiv BUL"]
[Date "2012.03.25"]
[Round "6.168"]
[White "Bozinovic, Boban"]
[Black "Levine, Yonatan"]
[Result "1/2-1/2"]
[WhiteTitle "CM"]
[WhiteElo "2105"]
[BlackElo "2016"]
[WhiteFideId "929697"]
[BlackFideId "2802082"]
[EventDate "2012.03.20"]
[EventType "swiss"]

1. e4 e6 2. d4 d5 3. Nc3 Bb4 4. exd5 exd5 5. Nf3 Nf6 6. Bd3 Qe7+ 7. Ne5 c5 8.
O-O O-O 9. Bg5 cxd4 10. Bxf6 Qxf6 11. Qh5 g6 12. Nxd5 Qd6 13. Qf3 Qxe5 14. Nxb4
Qd6 15. Nd5 Nc6 16. Nf6+ Kg7 17. Ne4 Qd8 18. Rad1 f5 19. Nc5 Qd6 20. Nb3 Be6 21.
Rfe1 Bd5 22. Qg3 Qf6 23. f4 Rfe8 24. Qf2 Bxb3 25. axb3 Rxe1+ 26. Rxe1 Rd8 27.
Qe2 Rd7 28. g3 Re7 29. Qf2 Qd6 30. Bc4 Qc5 31. Rxe7+ Qxe7 32. Kf1 Qe4 33. Bd3
Qe7 34. Bb5 Qe4 35. Bd3 Qe7 36. Qe2 Qd6 37. Kg1 Nb4 38. Bc4 a6 39. c3 b5 40.
cxb4 bxc4 41. bxc4 d3 42. Qd2 Qd4+ 43. Kf1 Qe4 1/2-1/2

[Event "13th EICC"]
[Site "Plovdiv BUL"]
[Date "2012.03.25"]
[Round "6.171"]
[White "Katsarov, Hristo"]
[Black "Slavov, Hristo"]
[Result "0-1"]
[WhiteElo "1495"]
[BlackElo "1812"]
[WhiteFideId "2913003"]
[BlackFideId "2911345"]
[EventDate "2012.03.20"]
[EventType "swiss"]

1. d4 d5 2. c4 c6 3. Nc3 e6 4. Nf3 Nf6 5. Bg5 Nbd7 6. e4 dxe4 7. Nxe4 Qa5+ 8.
Bd2 Bb4 9. Nxf6+ Nxf6 10. a3 Bxd2+ 11. Qxd2 Qxd2+ 12. Nxd2 Bd7 13. Be2 b5 14. c5
Nd5 15. Ne4 O-O 16. O-O a5 17. Rac1 a4 18. Nc3 Ne7 19. Bd3 Rfd8 20. Ne4 Nf5 21.
Ng5 Nxd4 22. Bxh7+ Kf8 23. Rfd1 Nb3 24. Rb1 g6 25. Rd3 Nxc5 26. Rf3 f5 27. Bxg6
Kg7 28. Bf7 Kf6 29. h4 Rf8 30. Rc1 Nb3 31. Rd1 Bc8 32. Rd6 Rxf7 33. Nxf7 Kxf7
34. Rd8 Bb7 35. Rfd3 Nc5 36. Rxa8 Nxd3 37. Ra7 Nc5 38. b4 axb3 39. h5 b2 40. h6
b1=Q+ 41. Kh2 Kg6 0-1

[Event "13th EICC"]
[Site "Plovdiv BUL"]
[Date "2012.03.25"]
[Round "6.172"]
[White "Meyes, Richard"]
[Black "Vdovenko, Volodymyr"]
[Result "1-0"]
[WhiteElo "1786"]
[BlackElo "1784"]
[WhiteFideId "12932833"]
[BlackFideId "14110938"]
[EventDate "2012.03.20"]
[EventType "swiss"]

1. Nf3 Nf6 2. c4 b6 3. g3 Bb7 4. d4 e6 5. Nc3 Bb4 6. Qb3 Bxf3 7. exf3 Bxc3+ 8.
Qxc3 O-O 9. Bd3 d6 10. O-O Nbd7 11. b3 c6 12. Re1 d5 13. Bf4 Qe7 14. g4 Rac8 15.
a4 Ne8 16. Qc2 Qh4 17. Bg3 Qh6 18. cxd5 cxd5 19. Qxc8 Nef6 20. Qc1 g5 21. h4 Qg7
22. Qxg5 Qxg5 23. hxg5 Ne8 24. Bb5 Ndf6 25. gxf6 Nxf6 26. Be5 1-0